00378nam a2200157Ia 4500001000500000005001700005008004100022041000800063082001500071100002400086245005700110260000900167300002800176650000800204654000800212313420260306144858.0260306t1994||||xx |||||||||||||| ||spa|| aESP a261.8bM39 aMejía, JorgeeAUT 0aEnseñanza social:breflexiones sobre el magisterio c1994 a173 páginas :c19 cm. aGEN aCHU